Statistics for Geography by Letter - M

Click here to take the quiz!

General Stats

  • This quiz has been taken 82,169 times
  • The average score is 17 of 24

Answer Stats

HintAnswer% Correct
Southern neighbor of the U.S.Mexico
97%
Most popular Chinese dialectMandarin
95%
Islam's holiest cityMecca
95%
Third largest city in EnglandManchester
93%
Genghis Khan's homelandMongolia
91%
Casablanca's countryMorocco
84%
Mediterranean island nationMalta
83%
Largest city in QuebecMontreal
83%
Largest island in the Indian OceanMadagascar
81%
Tropical rainy seasonMonsoon
79%
Capital of BelarusMinsk
75%
Indigenous people of New ZealandMāori
70%
Major city in Tennessee or ancient EgyptMemphis
68%
U.S. state on the Chesapeake BayMaryland
63%
Town in Greece for which an
Olympic event is named
Marathon
61%
Pre-lent celebration
in New Orleans and elsewhere
Mardi Gras
61%
Ancient area surrounding
the Tigris and Euphrates rivers
Mesopotamia
60%
Winnipeg is its capitalManitoba
57%
Desert in southeast CaliforniaMojave
56%
Country where the Petronas Towers
are located
Malaysia
53%
China's gambling capitalMacau
51%
Major river in IndochinaMekong
46%
The northeastern part of ChinaManchuria
40%
Primary ethnic group of HungaryMagyar
39%

Score Distribution

Percentile by Number Answered

Percent of People with Each Score

Your Score History

You have not taken this quiz